000 01208cad a22002535a 4500
001 L153122
008 110610e20110520xxkd f s 000 0 eng d
035 _a(Sirsi) u153179
041 0 _aeng
050 0 4 _a333.33 $2 18
110 2 _aRoyal Institution of Chartered Surveyors
_bEconomics
_95033
245 0 0 _aRICS global real estate weekly
_b17 June 2011
_h[electronic resource]
260 _aLondon
_bRICS
_c2011
490 0 _aRICS Global Real Estate Weekly
_v17 June 2011
520 _aUncertain outlook for the French construction sector. Hong Kong Monetary Authority further tightens lending criteria to cool 'red hot' market. Bank of Canada appeals for moderation in the housing market. Lending to the UK real estate sector to remain flat.
590 _aKA
650 2 4 _aRICS GLOBAL REAL ESTATE WEEKLY
651 4 _aInternational
690 _aBUILT ENVIRONMENT-CONSTRUCTION MARKET
690 _aPROPERTY-RESIDENTIAL PROPERTY-RESIDENTIAL PROPERTY MARKET
690 _aPROPERTY-COMMERCIAL PROPERTY-COMMERCIAL PROPERTY FINANCE AND INVESTMENT
856 4 0 _uhttps://www.rics.org/site/download_feed.aspx?fileID=9831&fileExtension=PDF
_zView the report free of charge at www.rics.org
942 _n0
999 _c112410
_d112410